[Event "WY U-16 Chess Olympiad 2019"]
[Site "Corum"]
[Date "2019.10.30"]
[Round "3"]
[White "Madaminov, Mukhiddin"]
[Black "Beydullayeva, Govhar"]
[Result "1-0"]
[WhiteElo "2045"]
[BlackElo "2289"]
[Annotator "NA"]
[PlyCount "81"]
[EventDate "2019.10.28"]
[EventType "team-tourn"]
[EventCountry "TUR"]
[SourceTitle "playchess.com"]
[Source "ChessBase"]
[SourceQuality "1"]

1. d4 Nf6 2. Nc3 d5 3. Bf4 e6 4. Nb5 Na6 5. e3 c6 6. Nc3 Bb4 7. Bxa6 bxa6 8. Nf3 a5 9. O-O Ba6 10. Re1 O-O 11. Ne5 c5 12. Bg5 cxd4 13. exd4 Qc7 14. Bxf6 gxf6 15. Qg4+ Kh8 16. Qf4 fxe5 17. Qf6+ Kg8 18. Qg5+ Kh8 19. Qf6+ Kg8 20. Rxe5 Rfc8 21. Qh6 Qxe5 22. dxe5 Bf8 23. Qg5+ Bg7 24. Rd1 Rab8 25. Rd4 h6 26. Qg3 Rb4 27. Rg4 Rxg4 28. Qxg4 Rc4 29. f4 d4 30. Ne4 Rxc2 31. Nf6+ Kh8 32. Ne8 Bf8 33. Nf6 Bg7 34. Ne8 Bf8 35. Nd6 d3 36. f5 Rc7 37. Qd4 Rd7 38. Kf2 exf5 39. e6+ Bg7 40. Qxg7+ Kxg7 41. exd7 1-0

[Event "WY U-16 Chess Olympiad 2019"]
[Site "Corum"]
[Date "2019.10.30"]
[Round "3"]
[White "Kuhar, Larisa"]
[Black "Briem, Stephan"]
[Result "0-1"]
[WhiteElo "2030"]
[BlackElo "2199"]
[Annotator "NA"]
[PlyCount "98"]
[EventDate "2019.10.28"]
[EventType "team-tourn"]
[EventCountry "TUR"]
[SourceTitle "playchess.com"]
[Source "ChessBase"]
[SourceQuality "1"]

1. e4 d5 2. exd5 Qxd5 3. Nc3 Qd6 4. d4 Nf6 5. Nf3 c6 6. Ne5 Nbd7 7. Nc4 Qc7 8. Qf3 Nb6 9. Bf4 Qd7 10. Nxb6 axb6 11. O-O-O Qd8 12. h3 Be6 13. d5 Nxd5 14. Bc4 Qc8 15. Nxd5 cxd5 16. Bb5+ Bd7 17. Qxd5 Bxb5 18. Qxb5+ Qc6 19. Qb3 e6 20. Be5 Be7 21. Bxg7 Rg8 22. Bd4 Rg5 23. Qxb6 Qxb6 24. Bxb6 Rxa2 25. Kb1 Ra6 26. Bc7 Bf6 27. c3 Rb5 28. Rd3 Rc6 29. Bd6 Rxc3 30. Rxc3 Bxc3 31. Ba3 Bd4 32. f3 Bc5 33. Bxc5 Rxc5 34. Re1 Ke7 35. Re4 Kf6 36. f4 h5 37. g3 Kf5 38. Rd4 f6 39. Rb4 Rc7 40. Rb6 h4 41. Rb5+ e5 42. fxe5 hxg3 43. exf6+ Kxf6 44. Rb6+ Kf5 45. Rb5+ Kf4 46. Rb4+ Kf3 47. Rg4 g2 48. Rg8 Kf2 49. Rf8+ Kg3 0-1

[Event "WY U-16 Chess Olympiad 2019"]
[Site "Corum"]
[Date "2019.10.30"]
[Round "3"]
[White "Vorobiov, Vlad"]
[Black "Tengis, Tsog-Ochir"]
[Result "0-1"]
[WhiteElo "2029"]
[BlackElo "2111"]
[Annotator "NA"]
[PlyCount "96"]
[EventDate "2019.10.28"]
[EventType "team-tourn"]
[EventCountry "TUR"]
[SourceTitle "playchess.com"]
[Source "ChessBase"]
[SourceQuality "1"]

1. e4 e5 2. Nf3 Nc6 3. Bb5 Nf6 4. d3 Bc5 5. O-O d6 6. Qe2 O-O 7. c3 a6 8. Bxc6 bxc6 9. b4 Ba7 10. a4 Re8 11. Nbd2 Bg4 12. Nb3 Qd7 13. Rd1 Rad8 14. Na5 Bxf3 15. Qxf3 d5 16. Bg5 Qe6 17. h3 Bb6 18. Rab1 Bxa5 19. Bxf6 Qxf6 20. Qxf6 gxf6 21. bxa5 Kf8 22. f3 Rb8 23. Kf2 Ke7 24. Ke2 h5 25. Kf2 h4 26. g3 hxg3+ 27. Kxg3 f5 28. h4 Kf6 29. Kh3 Rbc8 30. Rg1 Rh8 31. Rg5 dxe4 32. dxe4 f4 33. Rbg1 Ke6 34. Rd1 Rb8 35. h5 f6 36. Rf5 Rbg8 37. Rf1 Rg3+ 38. Kh2 Kf7 39. Rf2 Rhg8 40. c4 c5 41. h6 Kg6 42. Rg2 Rxg2+ 43. Kxg2 Kxh6+ 44. Kh3 Rg3+ 45. Kh4 Kg7 46. Rh5 Rxf3 47. Rf5 Rg3 48. Rh5 Rg5 0-1

[Event "WY U-16 Chess Olympiad 2019"]
[Site "Corum"]
[Date "2019.10.30"]
[Round "3"]
[White "Shohradowa, Lala"]
[Black "Vujovic, Savo"]
[Result "1/2-1/2"]
[WhiteElo "2024"]
[BlackElo "2040"]
[Annotator "NA"]
[PlyCount "108"]
[EventDate "2019.10.28"]
[EventType "team-tourn"]
[EventCountry "TUR"]
[SourceTitle "playchess.com"]
[Source "ChessBase"]
[SourceQuality "1"]

1. d4 Nf6 2. c4 g6 3. Nc3 Bg7 4. e4 O-O 5. Nf3 d6 6. g3 e5 7. d5 Na6 8. Bg2 Nc5 9. Qe2 a5 10. O-O Nfd7 11. Nd2 f5 12. f3 h5 13. Rd1 Bh6 14. exf5 gxf5 15. f4 Qe8 16. Nb5 Na6 17. fxe5 Nxe5 18. Nf3 Bxc1 19. Raxc1 Ng4 20. Re1 Qxe2 21. Rxe2 Bd7 22. h3 Nf6 23. Nfd4 Rae8 24. Rce1 Kf7 25. Ne6 Rg8 26. Kh2 Bxb5 27. cxb5 Nc5 28. Nxc7 Rxe2 29. Rxe2 Nce4 30. Re3 b6 31. Bxe4 Nxe4 32. Ne6 Rc8 33. Nd4 Rc5 34. Nxf5 Rxd5 35. g4 hxg4 36. hxg4 Rd2+ 37. Kg1 d5 38. Rh3 Rxb2 39. a4 Kg6 40. Ne7+ Kg5 41. Nxd5 Kxg4 42. Re3 Ng3 43. Re8 Ra2 44. Rg8+ Kh3 45. Rh8+ Kg4 46. Nxb6 Ne2+ 47. Kf1 Nc3 48. Rg8+ Kf5 49. Ra8 Nxa4 50. Nxa4 Rxa4 51. b6 Rb4 52. Rxa5+ Ke6 53. Rh5 Kd7 54. Rh6 Kc8 1/2-1/2

[Event "WY U-16 Chess Olympiad 2019"]
[Site "Corum"]
[Date "2019.10.30"]
[Round "3"]
[White "Mhango, Banele"]
[Black "Vithanage, I A"]
[Result "1/2-1/2"]
[WhiteElo "2010"]
[BlackElo "1600"]
[Annotator "NA"]
[PlyCount "92"]
[EventDate "2019.10.28"]
[EventType "team-tourn"]
[EventCountry "TUR"]
[SourceTitle "playchess.com"]
[Source "ChessBase"]
[SourceQuality "1"]

1. d4 d5 2. c4 e6 3. Nf3 Nf6 4. g3 c6 5. Qc2 Bd6 6. Bg2 Nbd7 7. O-O O-O 8. Rd1 b6 9. Nc3 Bb7 10. e4 dxe4 11. Nxe4 Nxe4 12. Qxe4 h6 13. Be3 Qc7 14. Nd2 Rad8 15. Rac1 Nf6 16. Qf3 Qe7 17. Re1 Bb4 18. Re2 Rd7 19. c5 bxc5 20. dxc5 Ba6 21. Nc4 Bxc5 22. Qxc6 Bxe3 23. Rxe3 Bxc4 24. Qxc4 Rfd8 25. Bf3 Nd5 26. Ree1 Qf6 27. Qb3 Nb4 28. Rc3 Nd3 29. Re3 Ne5 30. Be2 Qf5 31. Qc2 Qf6 32. Rc8 Ng6 33. h4 Ne7 34. Rxd8+ Rxd8 35. Rf3 Qe5 36. Rd3 Rb8 37. b3 Nd5 38. Rd1 Nc3 39. Re1 Rd8 40. Kg2 Nxe2 41. Rxe2 Qd5+ 42. Qe4 Qd1 43. Rc2 Qa1 44. h5 Qb1 45. Re2 Qd1 46. Qf3 Rd5 1/2-1/2

[Event "WY U-16 Chess Olympiad 2019"]
[Site "Corum"]
[Date "2019.10.30"]
[Round "3"]
[White "Laurincova, Kristyna"]
[Black "Ozdilli, Mustafa Alper"]
[Result "1-0"]
[WhiteElo "2006"]
[BlackElo "1328"]
[Annotator "NA"]
[PlyCount "61"]
[EventDate "2019.10.28"]
[EventType "team-tourn"]
[EventCountry "TUR"]
[SourceTitle "playchess.com"]
[Source "ChessBase"]
[SourceQuality "1"]

1. d4 c5 2. Nf3 Nf6 3. Bf4 e6 4. e3 cxd4 5. exd4 d5 6. c3 Nc6 7. Nbd2 a6 8. a4 Bd7 9. Bd3 Nh5 10. Be3 Bd6 11. Ne5 Bxe5 12. Qxh5 Bf6 13. g4 g6 14. Qh6 e5 15. g5 exd4 16. cxd4 Bxd4 17. Bxd4 Nxd4 18. Qg7 Qe7+ 19. Kd1 Bg4+ 20. f3 Nxf3 21. Qxh8+ Kd7 22. Qxa8 Ne1+ 23. Kc1 Nxd3+ 24. Kc2 Nb4+ 25. Kb3 Qe3+ 26. Kxb4 Qxd2+ 27. Ka3 Qe3+ 28. Ka2 Qe2 29. Qxb7+ Kd6 30. Rac1 Be6 31. Qc7# 1-0

[Event "WY U-16 Chess Olympiad 2019"]
[Site "Corum"]
[Date "2019.10.30"]
[Round "3"]
[White "Kilic, Eray"]
[Black "Cohen Revivo, Shoham"]
[Result "0-1"]
[WhiteElo "2001"]
[BlackElo "2295"]
[Annotator "NA"]
[PlyCount "114"]
[EventDate "2019.10.28"]
[EventType "team-tourn"]
[EventCountry "TUR"]
[SourceTitle "playchess.com"]
[Source "ChessBase"]
[SourceQuality "1"]

1. Nf3 Nf6 2. c4 c5 3. Nc3 Nc6 4. g3 e5 5. d3 d5 6. cxd5 Nxd5 7. Nxd5 Qxd5 8. Bg2 Be7 9. O-O O-O 10. Be3 Qe6 11. a3 Nd4 12. Nxd4 cxd4 13. Bd2 Qb6 14. b4 Be6 15. Rc1 Rac8 16. Qa4 f6 17. b5 Rxc1 18. Rxc1 Rc8 19. Rxc8+ Bxc8 20. Bd5+ Kf8 21. Qb3 Bd7 22. a4 Qc7 23. a5 Qc5 24. b6 axb6 25. axb6 Bc6 26. Bg8 Be8 27. Bd5 Bc6 28. Bg8 Ke8 29. e4 dxe3 30. Bxe3 Qb4 31. Qxb4 Bxb4 32. Bxh7 Kd7 33. d4 exd4 34. Bxd4 Kd6 35. h4 Bc5 36. Bb2 Bf3 37. Bf5 Kc6 38. g4 Kxb6 39. g5 fxg5 40. hxg5 Bf8 41. Kh2 Kb5 42. Kg3 Bd5 43. f4 Kc4 44. Bd7 b5 45. f5 b4 46. Be6 Bxe6 47. fxe6 g6 48. Bf6 b3 49. Kf3 Kd3 50. Bg7 Bc5 51. Be5 Kc2 52. Ke4 b2 53. Kd5 Be7 54. Bf6 Bxf6 55. gxf6 b1=Q 56. Kd6 Qb4+ 57. Kd7 Qf8 0-1

[Event "WY U-16 Chess Olympiad 2019"]
[Site "Corum"]
[Date "2019.10.30"]
[Round "3"]
[White "Tsivelekidou, Evgenia"]
[Black "Bagvilas, Lukas"]
[Result "1-0"]
[WhiteElo "1985"]
[BlackElo "1983"]
[Annotator "NA"]
[PlyCount "101"]
[EventDate "2019.10.28"]
[EventType "team-tourn"]
[EventCountry "TUR"]
[SourceTitle "playchess.com"]
[Source "ChessBase"]
[SourceQuality "1"]

1. d4 Nf6 2. Bf4 d5 3. e3 e6 4. Nd2 c5 5. c3 Nc6 6. Ngf3 Be7 7. Bd3 Qb6 8. Rb1 c4 9. Bc2 Qa5 10. a3 b5 11. O-O Qb6 12. e4 O-O 13. e5 Nd7 14. Ng5 g6 15. Qf3 Kg7 16. Qh3 h5 17. g4 Rh8 18. Kh1 Nxd4 19. cxd4 Qxd4 20. Qf3 Bxg5 21. Bxg5 hxg4 22. Bf6+ Nxf6 23. Qxf6+ Kg8 24. Ne4 Bd7 25. Ng5 Be8 26. Bxg6 Rh6 27. Bxf7+ Bxf7 28. Qxh6 Qd3 29. Nxf7 Qf3+ 30. Kg1 Qxf7 31. Qg5+ Qg7 32. Qxg7+ Kxg7 33. f3 d4 34. fxg4 d3 35. Rf6 Re8 36. Kf2 a5 37. Ke3 Rh8 38. Rf2 Rh4 39. Rg2 Rh3+ 40. Kd2 Rf3 41. h4 Kg6 42. Rh1 b4 43. axb4 axb4 44. h5+ Kh7 45. g5 c3+ 46. bxc3 bxc3+ 47. Kxc3 d2+ 48. Kxd2 Ra3 49. g6+ Kh6 50. Rhg1 Ra2+ 51. Kc3 1-0

[Event "WY U-16 Chess Olympiad 2019"]
[Site "Corum"]
[Date "2019.10.30"]
[Round "3"]
[White "Herega, Nejc"]
[Black "Briem, Benedikt"]
[Result "1/2-1/2"]
[WhiteElo "1976"]
[BlackElo "1816"]
[Annotator "NA"]
[PlyCount "147"]
[EventDate "2019.10.28"]
[EventType "team-tourn"]
[EventCountry "TUR"]
[SourceTitle "playchess.com"]
[Source "ChessBase"]
[SourceQuality "1"]

1. d4 Nf6 2. c4 e6 3. Nc3 Bb4 4. e3 O-O 5. Bd3 d5 6. a3 Bxc3+ 7. bxc3 dxc4 8. Bxc4 c5 9. Ne2 Qc7 10. Ba2 b6 11. O-O Ba6 12. Bb2 Nc6 13. Rc1 Na5 14. c4 cxd4 15. Nxd4 Rfd8 16. Qf3 Bb7 17. Qh3 Qe7 18. Rfd1 Rac8 19. Qh4 Rd7 20. Ne2 Rxd1+ 21. Rxd1 Rd8 22. Rxd8+ Qxd8 23. Qd4 Qxd4 24. Nxd4 Ne4 25. f3 Nd2 26. Kf2 Ndxc4 27. Bc1 Ne5 28. Ke2 Ba6+ 29. Kd2 Nd3 30. Nb3 Nxc1 31. Nxc1 Kf8 32. Kc3 Ke7 33. Bb1 g6 34. Kb4 Kd6 35. Bd3 Nc6+ 36. Kc3 Bxd3 37. Nxd3 Ne5 38. Nf2 f5 39. e4 Nd7 40. exf5 gxf5 41. f4 Nf6 42. h3 Nd5+ 43. Kd4 Nxf4 44. g4 e5+ 45. Kc4 fxg4 46. hxg4 Kc6 47. Ne4 Nd5 48. g5 b5+ 49. Kd3 Nf4+ 50. Ke3 Ne6 51. Kf3 a5 52. Kg4 b4 53. axb4 axb4 54. Kf5 Ng7+ 55. Kxe5 b3 56. Nd2 b2 57. Kd4 Ne6+ 58. Kc3 Kd5 59. Kxb2 Nxg5 60. Kc2 Ke5 61. Kd1 Kf4 62. Ke1 Kg3 63. Kf1 h6 64. Kg1 Nh3+ 65. Kh1 Nf2+ 66. Kg1 Ng4 67. Ne4+ Kf3 68. Nd2+ Ke3 69. Nc4+ Kf4 70. Nd2 h5 71. Nf1 Ne5 72. Nh2 h4 73. Kg2 Ng6 74. Nf3 1/2-1/2

[Event "WY U-16 Chess Olympiad 2019"]
[Site "Corum"]
[Date "2019.10.30"]
[Round "3"]
[White "Alvarez Angel, Nelson Eduardo"]
[Black "Srdanovic, Jovana"]
[Result "1-0"]
[WhiteElo "1974"]
[BlackElo "2100"]
[Annotator "NA"]
[PlyCount "67"]
[EventDate "2019.10.28"]
[EventType "team-tourn"]
[EventCountry "TUR"]
[SourceTitle "playchess.com"]
[Source "ChessBase"]
[SourceQuality "1"]

1. d4 d5 2. c4 e6 3. Nc3 Nf6 4. cxd5 exd5 5. Bg5 Be7 6. e3 O-O 7. Bd3 c6 8. Nge2 Re8 9. O-O h6 10. Bh4 Nbd7 11. f3 Nf8 12. Kh1 a5 13. a4 Be6 14. Bf2 Bd6 15. Bg1 Bc7 16. e4 dxe4 17. fxe4 Qe7 18. e5 Nd5 19. Nxd5 Bxd5 20. Nf4 Red8 21. Nxd5 cxd5 22. Ra3 Ne6 23. Bf5 Ra6 24. Rg3 Nf8 25. Qg4 Qg5 26. Qh3 Qe7 27. Be3 Kh8 28. Bg5 Qe8 29. Bd3 Rb6 30. Bb5 Qe6 31. Bxd8 Bxd8 32. Qxe6 Nxe6 33. Rxf7 Bg5 34. Rc3 1-0

[Event "WY U-16 Chess Olympiad 2019"]
[Site "Corum"]
[Date "2019.10.30"]
[Round "3"]
[White "Sade, Defne"]
[Black "Bochnicka, Vladimir"]
[Result "0-1"]
[WhiteElo "1952"]
[BlackElo "2087"]
[Annotator "NA"]
[PlyCount "96"]
[EventDate "2019.10.28"]
[EventType "team-tourn"]
[EventCountry "TUR"]
[SourceTitle "playchess.com"]
[Source "ChessBase"]
[SourceQuality "1"]

1. e4 c5 2. Nf3 Nc6 3. Bb5 Nf6 4. d3 Qa5+ 5. Nc3 Nd4 6. Bc4 b5 7. Bb3 Nxb3 8. cxb3 Bb7 9. O-O b4 10. Ne2 e6 11. Ng3 d6 12. Ne1 Be7 13. f4 O-O 14. Nf3 Nd7 15. f5 Bf6 16. Ng5 Rae8 17. Nh5 Bd4+ 18. Kh1 exf5 19. exf5 Nf6 20. Nxf6+ Bxf6 21. Nh3 Qd8 22. Qg4 Qe7 23. Bg5 Qe2 24. Qg3 Bxg5 25. Nxg5 Re3 26. Nf3 Bxf3 27. gxf3 Qxb2 28. Rae1 Rfe8 29. Rxe3 Rxe3 30. Qxd6 Qe2 31. Rf2 Qd1+ 32. Kg2 h6 33. f6 Re6 34. Qxc5 Rxf6 35. Qc8+ Kh7 36. Qc2 Qe1 37. Qe2 Rg6+ 38. Kh3 Qc3 39. f4 Qc5 40. f5 Rg5 41. Qf3 Qe5 42. Qf4 Qe8 43. d4 f6 44. d5 Qh5+ 45. Qh4 Qd1 46. Qe4 Qh5+ 47. Qh4 Rxf5 48. d6 Qxh4+ 0-1

[Event "WY U-16 Chess Olympiad 2019"]
[Site "Corum"]
[Date "2019.10.30"]
[Round "3"]
[White "Deng Jing Xin Crystal"]
[Black "Daggupati, Balaji"]
[Result "1/2-1/2"]
[WhiteElo "1944"]
[BlackElo "2310"]
[Annotator "TA"]
[PlyCount "53"]
[EventDate "2019.10.28"]
[EventType "team-tourn"]
[EventCountry "TUR"]
[SourceTitle "playchess.com"]
[Source "ChessBase"]
[SourceQuality "1"]

1. d4 d5 2. c4 c6 3. Nf3 Nf6 4. Nc3 e6 5. Bg5 dxc4 6. e4 b5 7. e5 h6 8. Bh4 g5 9. Nxg5 hxg5 10. Bxg5 Nbd7 11. exf6 Bb7 12. g3 Qb6 13. Bg2 O-O-O 14. O-O c5 15. d5 b4 16. Rb1 Qa6 17. dxe6 Bxg2 18. e7 Bxf1 19. Qd5 Bxe7 20. fxe7 Bd3 21. Ne4 Bxb1 22. Nd6+ Kc7 23. Bf4 Kb6 24. exd8=Q+ Rxd8 25. Nxc4+ Kb5 26. Nd6+ Kb6 27. Nc4+ 1/2-1/2

[Event "WY U-16 Chess Olympiad 2019"]
[Site "Corum"]
[Date "2019.10.30"]
[Round "3"]
[White "Pipiras, Filipa Fortuna"]
[Black "Gevorgyan, Albert"]
[Result "0-1"]
[WhiteElo "1939"]
[BlackElo "2231"]
[Annotator "NA"]
[PlyCount "126"]
[EventDate "2019.10.28"]
[EventType "team-tourn"]
[EventCountry "TUR"]
[SourceTitle "playchess.com"]
[Source "ChessBase"]
[SourceQuality "1"]

1. d4 Nf6 2. Nf3 d5 3. c4 e6 4. Nc3 c6 5. cxd5 exd5 6. Bg5 Be7 7. Qc2 g6 8. e3 Bf5 9. Qb3 Qb6 10. Be2 Nbd7 11. Rc1 Bd6 12. O-O Qxb3 13. axb3 Ne4 14. Nxe4 Bxe4 15. Nd2 Bf5 16. Rfd1 f6 17. Bh4 Kf7 18. Bg3 Bb4 19. Nb1 Bxb1 20. Rxb1 Rhe8 21. Bd3 Nb6 22. h3 Nc8 23. Ra1 Bd6 24. Bxd6 Nxd6 25. Kf1 f5 26. h4 a6 27. g3 Re6 28. Kg2 h6 29. Rh1 Rh8 30. Rh2 Re7 31. Rh3 Ke6 32. Kf3 Kd7 33. Ke2 Kc7 34. Kd2 Rf8 35. Rhh1 Rf6 36. Rh2 Kb6 37. Kc3 Ref7 38. Rc1 Rc7 39. Rhh1 Ne4+ 40. Bxe4 fxe4 41. Rhf1 Rcf7 42. Rc2 Rf3 43. Re2 Rxg3 44. fxg3 Rxf1 45. Rg2 Rf3 46. Kd2 Kb5 47. Rg1 Rf2+ 48. Kc3 Re2 49. g4 Rxe3+ 50. Kc2 Kb4 51. Rg2 Rxb3 52. Rf2 Rf3 53. Rg2 Kc4 54. Rd2 a5 55. Kc1 Kb3 56. Rd1 a4 57. Kb1 Rf2 58. Ka1 b5 59. Rc1 b4 60. h5 gxh5 61. gxh5 Rd2 62. Rg1 e3 63. Re1 e2 0-1

[Event "WY U-16 Chess Olympiad 2019"]
[Site "Corum"]
[Date "2019.10.30"]
[Round "3"]
[White "Aydin, Gulenay"]
[Black "Mammadov, Sadig"]
[Result "1-0"]
[WhiteElo "1918"]
[BlackElo "2216"]
[Annotator "NA"]
[PlyCount "89"]
[EventDate "2019.10.28"]
[EventType "team-tourn"]
[EventCountry "TUR"]
[SourceTitle "playchess.com"]
[Source "ChessBase"]
[SourceQuality "1"]

1. e4 e6 2. d4 d5 3. Nd2 a6 4. Ngf3 c5 5. dxc5 Bxc5 6. Bd3 Nc6 7. a3 Nge7 8. O-O O-O 9. Qe2 Ba7 10. b4 Ng6 11. g3 d4 12. h4 e5 13. h5 Nge7 14. Nh4 Bh3 15. Re1 f5 16. exf5 Nxf5 17. Nxf5 Bxf5 18. Ne4 Qd7 19. h6 Bg4 20. Qd2 Kh8 21. Qg5 Rad8 22. Qh4 Bf5 23. hxg7+ Qxg7 24. Bh6 Qg6 25. Bxf8 Rxf8 26. Rad1 Bb6 27. Nc5 Bd8 28. Qh1 Qf7 29. Bxf5 Qxf5 30. Rd2 Qf7 31. Rde2 d3 32. Nxd3 Nd4 33. Nxe5 Nxe2+ 34. Rxe2 Qg7 35. c4 Bf6 36. Qd5 h6 37. Nd7 Rd8 38. Nxf6 Qxf6 39. Qe5 Qxe5 40. Rxe5 Rd7 41. Re6 Kg7 42. Rb6 h5 43. c5 Rc7 44. Kg2 Rd7 45. Kh3 1-0

[Event "WY U-16 Chess Olympiad 2019"]
[Site "Corum"]
[Date "2019.10.30"]
[Round "3"]
[White "Singh, Eshwant"]
[Black "Lin, Yi"]
[Result "1/2-1/2"]
[WhiteElo "1910"]
[BlackElo "2425"]
[Annotator "NA"]
[PlyCount "57"]
[EventDate "2019.10.28"]
[EventType "team-tourn"]
[EventCountry "TUR"]
[SourceTitle "playchess.com"]
[Source "ChessBase"]
[SourceQuality "1"]

1. d4 d5 2. c4 e6 3. Nf3 c6 4. g3 dxc4 5. Bg2 b5 6. a4 Bb7 7. Ne5 a6 8. O-O Nf6 9. axb5 axb5 10. Rxa8 Bxa8 11. b3 cxb3 12. Bb2 Be7 13. Qxb3 O-O 14. Rc1 Nd5 15. e4 Nf6 16. Nc3 Nbd7 17. Ne2 Qb6 18. Nxd7 Nxd7 19. d5 cxd5 20. exd5 Bc5 21. Rf1 Bxd5 22. Bxd5 exd5 23. Qxd5 Qe6 24. Qd3 Qc4 25. Qf3 Re8 26. Nf4 Ne5 27. Bxe5 Rxe5 28. Nd3 Rd5 29. Rc1 1/2-1/2

[Event "WY U-16 Chess Olympiad 2019"]
[Site "Corum"]
[Date "2019.10.30"]
[Round "3"]
[White "Koc, Azra Ece"]
[Black "Ismayilov, Arturan"]
[Result "0-1"]
[WhiteElo "1860"]
[BlackElo "1561"]
[Annotator "NA"]
[PlyCount "100"]
[EventDate "2019.10.28"]
[EventType "team-tourn"]
[EventCountry "TUR"]
[SourceTitle "playchess.com"]
[Source "ChessBase"]
[SourceQuality "1"]

1. d4 Nf6 2. Bf4 g6 3. Nc3 Bg7 4. e4 O-O 5. Qd2 d6 6. O-O-O c6 7. f3 Nbd7 8. Bh6 Qc7 9. h4 b5 10. h5 a5 11. g4 a4 12. Bxg7 Kxg7 13. hxg6 fxg6 14. Qh6+ Kg8 15. Nh3 e5 16. Ng5 Nb6 17. dxe5 dxe5 18. Qh2 b4 19. Nb1 Qe7 20. Nh3 Be6 21. a3 Ba2 22. axb4 Bxb1 23. Kxb1 Qxb4 24. Qd2 Qc5 25. Bd3 Rfb8 26. Ka1 Nbd7 27. g5 Nh5 28. c3 Rd8 29. Qc2 Nb6 30. Rhf1 Ng3 31. Rf2 Rdb8 32. f4 Nc4 33. Bxc4+ Qxc4 34. fxe5 a3 35. b4 Nxe4 36. Rd4 Qxc3+ 37. Qxc3 Nxc3 38. Rc4 Nd5 39. Rxc6 Nxb4 40. Rc3 a2 41. Rf1 Nd5 42. Rd3 Ra5 43. Nf2 Nb4 44. Rd2 Rxe5 45. Rb2 Reb5 46. Rc1 Rxg5 47. Nd3 Rgb5 48. Nxb4 Rxb4 49. Rxb4 Rxb4 50. Kxa2 Rb7 0-1

[Event "WY U-16 Chess Olympiad 2019"]
[Site "Corum"]
[Date "2019.10.30"]
[Round "3"]
[White "Hatirli, Ugur Can"]
[Black "Sprenar, Petr"]
[Result "0-1"]
[WhiteElo "1852"]
[BlackElo "2329"]
[Annotator "NA"]
[PlyCount "86"]
[EventDate "2019.10.28"]
[EventType "team-tourn"]
[EventCountry "TUR"]
[SourceTitle "playchess.com"]
[Source "ChessBase"]
[SourceQuality "1"]

1. d4 d5 2. c4 e6 3. Nf3 a6 4. e3 Nf6 5. Nc3 Be7 6. b3 O-O 7. Be2 b6 8. O-O Bb7 9. Bb2 Nbd7 10. Rc1 Bd6 11. cxd5 exd5 12. Qc2 Qe7 13. Rfd1 Rac8 14. Bd3 Rfe8 15. Ne2 g6 16. Ng3 Ne4 17. Bxe4 dxe4 18. Nd2 b5 19. Nb1 Nb6 20. Nc3 b4 21. Nb1 h5 22. Qe2 h4 23. Nf1 Qg5 24. Nbd2 h3 25. Ng3 hxg2 26. Kxg2 f5 27. h4 Qf6 28. Nc4 Nd5 29. Nxd6 cxd6 30. Rxc8 Bxc8 31. Rc1 Bd7 32. Qc4 Be6 33. Qc6 Rd8 34. Rh1 f4 35. Nxe4 Qf5 36. f3 Nxe3+ 37. Kf2 Rc8 38. Qxc8+ Bxc8 39. d5 Nxd5 40. h5 Nc3 41. hxg6 Nxe4+ 42. fxe4 Qxg6 43. Rg1 Bg4 0-1

[Event "WY U-16 Chess Olympiad 2019"]
[Site "Corum"]
[Date "2019.10.30"]
[Round "3"]
[White "Zaid Alaa Chasib"]
[Black "Prasitsoonthorn, Teerachoti"]
[Result "1/2-1/2"]
[WhiteElo "1844"]
[BlackElo "1866"]
[Annotator "NA"]
[PlyCount "78"]
[EventDate "2019.10.28"]
[EventType "team-tourn"]
[EventCountry "TUR"]
[SourceTitle "playchess.com"]
[Source "ChessBase"]
[SourceQuality "1"]

1. e4 e5 2. Nf3 d6 3. d4 Nd7 4. Bc4 c6 5. O-O Be7 6. Qe2 Ngf6 7. Rd1 exd4 8. Nxd4 Ne5 9. Bb3 O-O 10. Bf4 Qc7 11. c4 Re8 12. Nc3 a6 13. Rac1 c5 14. Nc2 Ng6 15. Bg3 Bf8 16. f3 Nh5 17. Nd5 Nxg3 18. hxg3 Qd8 19. Ba4 b5 20. cxb5 Bd7 21. b3 axb5 22. Bxb5 Rxa2 23. Bxd7 Qxd7 24. Nb6 Qb7 25. Nc4 d5 26. Nd2 dxe4 27. Nxe4 Qxb3 28. Na1 Qe6 29. Qb5 Rea8 30. Re1 Qe5 31. Nc3 Rxa1 32. Rxa1 Rxa1 33. Rxa1 Qxc3 34. Ra8 Qc1+ 35. Kh2 Qh6+ 36. Kg1 Qc1+ 37. Kh2 Qh6+ 38. Kg1 Qe3+ 39. Kh2 Qh6+ 1/2-1/2

[Event "WY U-16 Chess Olympiad 2019"]
[Site "Corum"]
[Date "2019.10.30"]
[Round "3"]
[White "Hairul, Muhd Ilhan Mansiz"]
[Black "Demchenko, Svitlana"]
[Result "1/2-1/2"]
[WhiteElo "1832"]
[BlackElo "1953"]
[Annotator "NA"]
[PlyCount "104"]
[EventDate "2019.10.28"]
[EventType "team-tourn"]
[EventCountry "TUR"]
[SourceTitle "playchess.com"]
[Source "ChessBase"]
[SourceQuality "1"]

1. d4 Nf6 2. c4 g6 3. Nc3 Bg7 4. e4 d6 5. Nf3 O-O 6. Be2 e5 7. O-O Nc6 8. d5 Ne7 9. b4 Nh5 10. g3 f5 11. Ng5 Nf6 12. f3 f4 13. g4 Kh8 14. c5 Ne8 15. Ne6 Bxe6 16. dxe6 c6 17. cxd6 Nxd6 18. Qb3 h5 19. h3 hxg4 20. hxg4 g5 21. Na4 Ng6 22. Rd1 Qe7 23. b5 Nxb5 24. Bxb5 cxb5 25. Qxb5 Qxe6 26. Nc5 Qg8 27. Nxb7 Nh4 28. Kf2 Rac8 29. Nd6 Rc3 30. Rd3 Rxc1 31. Rxc1 Qxa2+ 32. Ke1 Ng2+ 33. Kf1 Ne3+ 34. Rxe3 fxe3 35. Qe2 Qa3 36. Rd1 Rb8 37. Nf7+ Kh7 38. Qd3 Qxd3+ 39. Rxd3 Kg6 40. Nd6 Bf8 41. Nc4 Bc5 42. Nxe5+ Kg7 43. Nc4 a5 44. Nxe3 Bxe3 45. Rxe3 a4 46. Ra3 Ra8 47. Ke2 Kf6 48. Ke3 Ke5 49. Kd3 Rd8+ 50. Kc4 Rd4+ 51. Kc5 Rd1 52. Rxa4 Rd3 1/2-1/2

[Event "WY U-16 Chess Olympiad 2019"]
[Site "Corum"]
[Date "2019.10.30"]
[Round "3"]
[White "Kwong, Wing Ki"]
[Black "Stearman, Josiah"]
[Result "0-1"]
[WhiteElo "1822"]
[BlackElo "2310"]
[Annotator "NA"]
[PlyCount "128"]
[EventDate "2019.10.28"]
[EventType "team-tourn"]
[EventCountry "TUR"]
[SourceTitle "playchess.com"]
[Source "ChessBase"]
[SourceQuality "1"]

1. d4 d5 2. c4 c6 3. Nf3 Nf6 4. g3 Bg4 5. Bg2 e6 6. Qb3 Qb6 7. Nbd2 Nbd7 8. O-O Be7 9. Re1 O-O 10. h3 Bf5 11. e3 Qxb3 12. axb3 Bb4 13. Kh2 Bc2 14. Rg1 Ne4 15. Ne1 Bxd2 16. Bxe4 Bxc1 17. Bxc2 Bxb2 18. Rb1 Bc3 19. cxd5 cxd5 20. b4 Rfc8 21. Ba4 Nb6 22. Bb5 a6 23. Be2 Bxe1 24. Rgxe1 Nc4 25. Kg2 b5 26. Ra1 Rc6 27. Ra2 Kf8 28. Rea1 Ke7 29. Kf1 Kd6 30. Bd3 f5 31. Ke2 Kc7 32. g4 g6 33. f3 Nd6 34. h4 Kb7 35. h5 gxh5 36. gxf5 Nxf5 37. Bxb5 Rb6 38. Bd3 h4 39. b5 Rg8 40. Rxa6 Rg2+ 41. Ke1 Rxa6 42. bxa6+ Ka7 43. Bf1 Rb2 44. Rc1 Nxe3 45. Rc7+ Ka8 46. Bh3 Nc2+ 47. Kd2 Nxd4+ 48. Ke3 e5 49. Rxh7 Rb3+ 50. Kd2 Nxf3+ 51. Kd1 Ng5 52. Rh8+ Ka7 53. Bc8 Rb8 54. Rg8 Nf7 55. Rg7 Rxc8 56. Rxf7+ Kxa6 57. Re7 Rh8 58. Rxe5 h3 59. Re1 h2 60. Rh1 Kb5 61. Ke2 Kc4 62. Rc1+ Kd4 63. Rh1 Ke4 64. Kd2 Ke5 0-1

[Event "WY U-16 Chess Olympiad 2019"]
[Site "Corum"]
[Date "2019.10.30"]
[Round "3"]
[White "Amin-Erdene Burmaa"]
[Black "Mihailova, Alina"]
[Result "1-0"]
[WhiteElo "1793"]
[BlackElo "1770"]
[Annotator "NA"]
[PlyCount "73"]
[EventDate "2019.10.28"]
[EventType "team-tourn"]
[EventCountry "TUR"]
[SourceTitle "playchess.com"]
[Source "ChessBase"]
[SourceQuality "1"]

1. e4 e5 2. Nf3 Nc6 3. Bb5 a6 4. Ba4 Nf6 5. O-O Be7 6. Re1 b5 7. Bb3 d6 8. c3 O-O 9. h3 Bb7 10. d4 Nd7 11. Nbd2 exd4 12. cxd4 Bf6 13. Nf1 Na5 14. Bc2 Re8 15. Rb1 c5 16. d5 Nc4 17. b3 Nce5 18. N3h2 b4 19. Ng3 Ng6 20. Rf1 Nb6 21. Ng4 Bc3 22. Ne2 h5 23. Ne3 Bf6 24. Ng3 h4 25. Nh5 Bc3 26. Nf5 Bc8 27. g4 hxg3 28. fxg3 Bxf5 29. exf5 Bd4+ 30. Kg2 Ne5 31. Nxg7 Nxd5 32. f6 Nc3 33. Qh5 Ng6 34. Bxg6 Re2+ 35. Kh1 Bxf6 36. Qh7+ Kf8 37. Ne6+ 1-0